مؤسسات وأجهزة البحث الإجتماعي : والتدريب وتقديم المشورة وغيرها فى المجال الاجتماعي فى مصر /
تمثل المعلومات واحدة من اهم ادوات البقاء والتقدم بالنسبة للإنسان والحق انة سواء على المستوى القومى والمؤسسى والفردى تمثل المغلومات السليمة الكافية قاعدة لا بديل عنها لاتجاز القرار والعمل فضلا عن التاثير فى تكوين العقل وتشكيل الوعى....
Saved in:
| 主要作者: | |
|---|---|
| 格式: | 图书 |
| 语言: | 阿拉伯语 |
| 出版: |
القاهرة :
المركز القومي للبحوث الاجتماعية والجنائية،
1992.
|
| 主题: | |
| 标签: |
添加标签
没有标签, 成为第一个标记此记录!
|
MARC
| LEADER | 00000nam a22000007a 4500 | ||
|---|---|---|---|
| 003 | INP | ||
| 005 | 20181119181037.0 | ||
| 008 | 180204s1994 ua ||||f |||| 00| 0 ara d | ||
| 952 | |0 0 |1 0 |4 0 |6 301_640000000000000_ع_م |7 0 |8 arabic_Boo |9 2217 |a INP |b INP |c MAIN |d 2018-03-15 |l 0 |o 301.64 ع م |p 001995 |r 2019-06-27 00:00:00 |w 2018-03-15 |y BK |0 0 | ||
| 999 | |c 3888 |d 3888 | ||
| 017 | |a 1995/2822 |b مصر.دار الكتب المصرية | ||
| 020 | |a 9775115620 | ||
| 040 | |a EG-INP |b ara |c EG-INP | ||
| 082 | 0 | 4 | |2 21 |a 301.64 |b ع م |
| 100 | 1 | |a حجازي، عزت. | |
| 245 | 1 | 0 | |a مؤسسات وأجهزة البحث الإجتماعي : |b والتدريب وتقديم المشورة وغيرها فى المجال الاجتماعي فى مصر / |c عزت حجازي. |
| 260 | |a القاهرة : |b المركز القومي للبحوث الاجتماعية والجنائية، |c 1992. | ||
| 300 | |a 175 ص. ؛ |c 24 سم. | ||
| 520 | |a تمثل المعلومات واحدة من اهم ادوات البقاء والتقدم بالنسبة للإنسان والحق انة سواء على المستوى القومى والمؤسسى والفردى تمثل المغلومات السليمة الكافية قاعدة لا بديل عنها لاتجاز القرار والعمل فضلا عن التاثير فى تكوين العقل وتشكيل الوعى. | ||
| 650 | 7 | |2 qrmak |a الأحوال الاجتماعية | |
| 650 | 7 | |2 qrmak |a الاتجاه الاجتماعى | |
| 650 | 7 | |2 qrmak |a التفاعل الاجتماعى | |
| 653 | 0 | |a البحث الإجتماعي | |
| 653 | 0 | |a الأجهزة الحكومية | |
| 901 | |a EGPV10 | ||
| 902 | |a EGPV4 | ||
| 903 | |a original | ||
| 942 | |2 ddc |c BK | ||